| 000 | 01120cam a22002771 4500 | ||
|---|---|---|---|
| 001 | gs 49000118 | ||
| 003 | DLC | ||
| 005 | 20260227111355.0 | ||
| 008 | 780126s1948 okua 000 0 eng c | ||
| 010 | _ags 49000118 | ||
| 035 | _a(OCoLC)3582773 | ||
| 040 |
_aU.S. Geol. Survey. Library _cTxEU _dDLC _dWaU |
||
| 050 | 0 | 0 |
_aQE158 _b.A2 no. 67 |
| 082 | _a553. | ||
| 100 | 1 |
_aOakes, Malcolm C. _q(Malcolm Christie), _d1890-1977. |
|
| 245 | 1 | 0 |
_aGeology and mineral resources of Haskell County, Oklahoma, _cby Malcolm C. Oakes and M. M. Knechtel. |
| 260 |
_aNorman, _c1948. |
||
| 300 |
_a134 p. _billus., fold. plates (in pocket) _c23 cm. |
||
| 490 | 1 |
_aBulletin / Oklahoma Geological Survey, _vno. 67 |
|
| 500 | _aPrepared in cooperation between the Oklahoma Geological Survey and the Geological Survey, U.S. Dept. of the Interior. | ||
| 504 | _aBibliographical footnotes. | ||
| 650 | 0 |
_aGeology _zOklahoma _zHaskell County. |
|
| 650 | 0 |
_aMines and mineral resources _zOklahoma _zHaskell County. |
|
| 700 | 1 |
_aKnechtel, Maxwell M. _q(Maxwell McMichael), _d1897- |
|
| 830 | 0 |
_aBulletin (Oklahoma Geological Survey) ; _v67. |
|
| 999 |
_c28364 _d28364 |
||